000 00621nam a22001935i 4500
001 54606
003 ES-MaACL
007 t|
008 960723s1895 xxk ||||1| eng d
040 _aCAM
_bspa
_cCAM
100 1 _aFroude, James Anthony.
_952757
245 1 0 _aLife and letters of Erasmus
_b: lectures delivered at Oxford 1893-4 /
_cby James Anthony Froude.
250 _aNew ed.
260 _aLondon :
_bLongmans, Green and co.,
_c1895 (
_fRichard Clay and sons)
300 _aVI, 452 p. ;
_c18 cm.
600 0 4 _aErasmus, Desiderius,
_d1467-1536
_947350
852 _aES-MaACL
_jG-10696
999 _c54606
_d54606